The story of my life / (Record no. 88585)

MARC details
000 -LEADER
fixed length control field 00505nam a22001817a 4500
005 - DATE AND TIME OF LATEST TRANSACTION
control field 20140922113304.0
010 ## - LCCN (DPL NO)
LC control number ENG-110843
020 ## - INTERNATIONAL STANDARD BOOK NUMBER
International Standard Book Number 9788184301717
Terms of availability 175.00
035 ## - SYSTEM CONTROL NUMBER
System control number EN-94375
037 ## - SOURCE OF ACQUISITION
Source of stock number/acquisition DBAD/PUB
082 ## - DEWEY DECIMAL CLASSIFICATION NUMBER
Classification number 362.41092
100 ## - MAIN ENTRY--PERSONAL NAME
Personal name Keller, Helen
245 ## - TITLE STATEMENT
Title The story of my life /
Statement of responsibility, etc by Helen Keller
260 ## - PUBLICATION, DISTRIBUTION, ETC. (IMPRINT)
Place of publication, distribution, etc New Delhi
Name of publisher, distributor, etc Ocean books
Date of publication, distribution, etc 2013
270 ## - ADDRESS
Address 4/19 Asaf Ali road
City New Delhi
Postal code 110002
300 ## - PHYSICAL DESCRIPTION
Extent 128p.
Dimensions 22cm(Hb)
942 ## - ADDED ENTRY ELEMENTS (KOHA)
Source of classification or shelving scheme Dewey Decimal Classification
Item type English Books
Call number suffix KEL
Classification part 362.41092
Holdings
Withdrawn status Lost status Not for loan Collection code Home library Current library Date acquired Source of acquisition Cost, normal purchase price Full call number Barcode Copy number Cost, replacement price Koha item type
    Not For Loan Non-fiction D.B.Act.Division D.B.Act.Division 11/09/2014 DBAD/PUB 175.00 362.41092 KEL EN-94375 1 175.00 English Books

© Delhi Public Library
Hit Counter
free hit counter